Sudamacaritra / (Record no. 75052)
[ view plain ]
| 000 -LEADER | |
|---|---|
| fixed length control field | 00683cam a22002171a 4500 |
| 001 - CONTROL NUMBER | |
| control field | sa 67005241 |
| 003 - CONTROL NUMBER IDENTIFIER | |
| control field | DLC |
| 005 - DATE AND TIME OF LATEST TRANSACTION | |
| control field | 20260227112355.0 |
| 008 - FIXED-LENGTH DATA ELEMENTS--GENERAL INFORMATION | |
| fixed length control field | 840808s1966 ii 000 0 bra |
| 010 ## - LIBRARY OF CONGRESS CONTROL NUMBER | |
| LC control number | sa 67005241 |
| 035 ## - SYSTEM CONTROL NUMBER | |
| System control number | (OCoLC)11031514 |
| 040 ## - CATALOGING SOURCE | |
| Original cataloging agency | DLC |
| Transcribing agency | OkU |
| Modifying agency | OCoLC |
| -- | DLC |
| 050 00 - LIBRARY OF CONGRESS CALL NUMBER | |
| Classification number | PK1967.9.H3 |
| Item number | S9 1966 |
| 100 0# - MAIN ENTRY--PERSONAL NAME | |
| Personal name | Haladharasdasa, |
| Dates associated with a name | active 16th century. |
| 245 10 - TITLE STATEMENT | |
| Title | Sudamacaritra / |
| Statement of responsibility, etc. | by Haladharadasa ; edited by Siyaram Tivari. |
| 260 ## - PUBLICATION, DISTRIBUTION, ETC. | |
| Place of publication, distribution, etc. | Patna : |
| Name of publisher, distributor, etc. | Bharti Bhawan, |
| Date of publication, distribution, etc. | 1966. |
| 300 ## - PHYSICAL DESCRIPTION | |
| Extent | 3, 85, 139 p. ; |
| Dimensions | 22 cm. |
| 500 ## - GENERAL NOTE | |
| General note | In Braj; introductory matter and commentary in Hindi. |
| 504 ## - BIBLIOGRAPHY, ETC. NOTE | |
| Bibliography, etc. note | Bibliographical footnotes. |
| 700 1# - ADDED ENTRY--PERSONAL NAME | |
| Personal name | Tivārī, Siyārāma. |
No items available.